Systèmes du corps humain - Statistiques

Statistiques générales
  • Ce quiz a été pris 321 fois
  • Le résultat moyen est 5 sur 11
Statistiques - réponses
Systèmes Réponse % Correct
Système nerveux
88%
Système digestif
78%
Système respiratoire
66%
Système lymphatique
49%
Système urinaire
44%
Système cardio-vasculaire
41%
Système musculaire
40%
Système endocrinien
31%
Système tégumentaire
20%
Système génital
15%
Système squeletique
15%
Aucun quiz correspondant
Distribution des résultats
% des personnes avec chaque résultat
Percentile par nombre de réponses
Votre historique - résultats
Vous n’avez pas pris ce quiz